Câu đố người Việt

Quyển câu đố người Việt gồm: thực thể và hiện tượng tự nhiên, thời gian, thực vật, động vật

Tallennettuna:
Bibliografiset tiedot
Yhteisötekijä: Hội văn nghệ dân gian Việt Nam
Aineistotyyppi: Kirja
Kieli:Undetermined
Julkaistu: Hà Nội Khoa học - Xã hội 2014
Aiheet:
Tagit: Lisää tagi
Ei tageja, Lisää ensimmäinen tagi!
Thư viện lưu trữ: Trung tâm Học liệu Trường Đại học Cần Thơ
LEADER 00817nam a2200193Ia 4500
001 CTU_209710
008 210402s9999 xx 000 0 und d
082 |a 398.609597 
082 |b H452/Q.1 
110 |a Hội văn nghệ dân gian Việt Nam 
245 0 |a Câu đố người Việt 
245 0 |c Trần Đức Ngôn (Biên soạn) 
260 |a Hà Nội 
260 |b Khoa học - Xã hội 
260 |c 2014 
520 |a Quyển câu đố người Việt gồm: thực thể và hiện tượng tự nhiên, thời gian, thực vật, động vật 
650 |a Văn học dân gian Việt Nam,Folk literature, Vietnamese 
904 |i Nguyễn Thị Phương Thảo,Hải 
980 |a Trung tâm Học liệu Trường Đại học Cần Thơ